| 000 | 00619nam a2200181 4500 | ||
|---|---|---|---|
| 999 |
_c6871 _d6871 |
||
| 020 | _a0706996437 | ||
| 050 |
_aT58.6 _b.B22 |
||
| 100 | _aBanerjee, Utpal K | ||
| 245 |
_aManagement information system : _ba new framework _cUtpal K Banerjee; R K Sachdeva |
||
| 250 | _a2nd rev. ed | ||
| 260 |
_aNew Delhi : _bVikas, _c1995 |
||
| 300 |
_ax, 250 pages : _b illustrations ; _c22 cm |
||
| 500 | _aIncludes index | ||
| 505 | _aPart I. MIS Framework Part II. Computer Concepts Part III. MIS Methodologies Part IV. Case Studies | ||
| 650 | _aManagement information systems. | ||
| 700 | _aSachdeva, R K | ||
| 942 | _cBK | ||